[Event "Elit(LASK-Farsta)"]
[Site "?"]
[Date "2015.11.08"]
[Round "3"]
[White "Hillarp Persson, Tiger"]
[Black "Livner, Anders"]
[Result "0-1"]
[WhiteElo "2546"]
[BlackElo "2336"]
[PlyCount "224"]

1. Nf3 d5 2. c4 c6 3. e3 Nf6 4. Nc3 e6 5. b3 Nbd7 6. Qc2 Be7 7. d4 b6 8. Bd3
Bb7 9. O-O h6 10. Bb2 O-O 11. Rac1 Qc7 12. cxd5 exd5 13. e4 dxe4 14. Nxe4 Rad8
15. Rfe1 Nd5 16. a3 Qb8 17. Ng3 Rfe8 18. Ne5 Nxe5 19. dxe5 Bf8 20. Bf1 Nc7 21.
Nf5 Ne6 22. Rcd1 c5 23. Bc4 Qc7 24. Qc3 Rxd1 25. Rxd1 Rd8 26. Re1 Nd4 27. Nxd4
cxd4 28. Qg3 Bd5 29. Bd3 Bxb3 30. f4 Bc4 31. f5 b5 32. f6 Bxd3 33. Qxd3 Qc4 34.
Qf3 Qc2 35. e6 fxe6 36. f7+ Kh8 37. Ba1 Qg6 38. Qb7 d3 39. Bc3 d2 40. Rd1 Qc2
41. Qf3 Rd7 42. Kf2 Qf5 43. Qxf5 exf5 44. Bb4 Rxf7 45. Rxd2 Kh7 46. Kf3 Bxb4
47. axb4 Rc7 48. Ra2 Rc4 49. Rxa7 Rxb4 50. Rb7 Kg6 51. g3 Kf6 52. Rb6+ Kg5 53.
h3 Rb3+ 54. Kg2 Rb2+ 55. Kf3 Rb3+ 56. Kg2 g6 57. Kf2 Rb2+ 58. Kf3 Rb3+ 59. Kf2
Kh5 60. Kg2 Rb2+ 61. Kf3 Rb3+ 62. Kg2 b4 63. Rb5 Rb2+ 64. Kf3 Rb3+ 65. Kg2 Kg5
66. Rb6 Rb2+ 67. Kf3 Rb3+ 68. Kg2 Rb2+ 69. Kf3 h5 70. h4+ Kh6 71. Rb7 b3 72.
Ke3 Rb1 73. Kf3 b2 74. Kg2 g5 75. Rb6+ Kg7 76. hxg5 h4 77. gxh4 f4 78. h5 f3+
79. Kh2 f2 80. h6+ Kh7 81. Rb7+ Kg6 82. Rg7+ Kf5 83. Rf7+ Kxg5 84. Rxf2 Rh1+
85. Kxh1 b1=Q+ 86. Kg2 Kg4 87. Rd2 Qb6 88. h7 Qb7+ 89. Kf2 Qxh7 90. Rd4+ Kf5
91. Ke3 Ke5 92. Rc4 Qh3+ 93. Kd2 Kd5 94. Rb4 Qf3 95. Rb7 Qf2+ 96. Kd3 Qg3+ 97.
Kc2 Kc4 98. Rb2 Qg7 99. Kc1 Qg6 100. Kd2 Qd3+ 101. Kc1 Qe3+ 102. Kd1 Qg1+ 103.
Kd2 Qg5+ 104. Kc2 Qe5 105. Kb1 Kc3 106. Ka1 Qa5+ 107. Kb1 Qa4 108. Rb8 Qd1+
109. Ka2 Qa4+ 110. Kb1 Qe4+ 111. Ka1 Qh1+ 112. Rb1 Qa8# 0-1

[Event "Elit(LASK-Farsta)"]
[Site "?"]
[Date "2015.11.08"]
[Round "3"]
[White "Sammalvuo, Tapani"]
[Black "Smith, Axel"]
[Result "0-1"]
[WhiteElo "2428"]
[BlackElo "2471"]
[PlyCount "152"]

1. d4 Nf6 2. c4 e6 3. g3 d5 4. Nf3 dxc4 5. Bg2 Bb4+ 6. Bd2 a5 7. O-O Nc6 8. Bg5
h6 9. Bxf6 Qxf6 10. e3 O-O 11. a3 Bd6 12. Nc3 e5 13. d5 Na7 14. Nd2 b5 15. a4
Bd7 16. Qc2 Qe7 17. axb5 Nxb5 18. Ncb1 Bb4 19. Nxc4 Nd6 20. Nbd2 Ra7 21. Rfc1
Rb8 22. Bf1 Bf5 23. Qd1 Bd7 24. Nf3 Nxc4 25. Rxc4 a4 26. Qc2 Bd6 27. Nh4 Qf6
28. Ra2 Rab7 29. e4 g6 30. Rc3 Rb4 31. Be2 Qd8 32. Ng2 Rd4 33. Ne3 Bb4 34. Bf3
a3 35. Rd3 Ba4 36. b3 Bb5 37. Rd1 Rxd1+ 38. Qxd1 Qf6 39. Nc2 Qd6 40. Qc1 Ra8
41. Qe3 Kg7 42. Be2 Bc5 43. Qd2 Bxe2 44. Qxe2 Rb8 45. Qc4 Qb6 46. b4 Bxf2+ 47.
Kg2 Ra8 48. Qc6 Qxc6 49. dxc6 Bb6 50. Rxa3 Rd8 51. Ne3 Rd6 52. b5 Rd2+ 53. Kf3
Rb2 54. Nd5 Rxb5 55. Ra6 Rc5 56. Nxb6 Rc3+ 57. Kf2 Rxc6 58. Ra5 cxb6 59. Rxe5
Rc5 60. Re8 Rc2+ 61. Kg1 Kf6 62. e5+ Kf5 63. Re7 b5 64. g4+ Kxg4 65. Rxf7 Re2
66. Rf6 Kg5 67. h4+ Kh5 68. e6 b4 69. Kf1 Re4 70. Kg2 b3 71. Kf3 Re1 72. e7
Rxe7 73. Rb6 Rc7 74. Kg3 Rc3+ 75. Kg2 Rc4 76. Kf3 Rxh4 0-1

[Event "Elit(LASK-Farsta)"]
[Site "?"]
[Date "2015.11.08"]
[Round "3"]
[White "Ahlander, Bjorn"]
[Black "Nikcevic, Nebojsa"]
[Result "1/2-1/2"]
[WhiteElo "2378"]
[BlackElo "2413"]
[PlyCount "91"]

1. d4 Nf6 2. c4 e6 3. Nf3 c5 4. e3 d5 5. Nc3 a6 6. cxd5 exd5 7. Be2 Nc6 8. O-O
Bd6 9. dxc5 Bxc5 10. a3 O-O 11. b4 Ba7 12. Bb2 Re8 13. Rc1 Qd6 14. Qd3 Bg4 15.
Rfd1 Rad8 16. b5 Na5 17. bxa6 Nc4 18. Nb5 Nxb2 19. Nxd6 Nxd3 20. Nxe8 Nxc1 21.
Nxf6+ gxf6 22. Rxc1 bxa6 23. Rc6 Rc8 24. Rxa6 Rc1+ 25. Bf1 Bxf3 26. gxf3 Bc5
27. a4 d4 28. exd4 Bxd4 29. Rd6 Bc5 30. Rd5 Rc2 31. Be2 Bb6 32. Kf1 Ra2 33. Rd6
Bc5 34. Rc6 Ba7 35. Rc4 f5 36. f4 Kg7 37. h4 h5 38. Rc7 Rxa4 39. Bxh5 Bb8 40.
Rxf7+ Kh6 41. Rxf5 Rxf4 42. Rxf4 Bxf4 43. Be8 Kg7 44. Kg2 Kh8 45. Kh3 Bb8 46.
Kg4 1/2-1/2

[Event "Elit(LASK-Farsta)"]
[Site "?"]
[Date "2015.11.08"]
[Round "3"]
[White "Lundin, Jan"]
[Black "Tikkanen, Hans"]
[Result "0-1"]
[WhiteElo "2245"]
[BlackElo "2509"]
[PlyCount "48"]
[EventDate "2015.??.??"]

1. e4 e6 2. d4 d5 3. e5 c5 4. c3 Qb6 5. Nf3 Nc6 6. Na3 cxd4 7. cxd4 f6 8. Bd3
Bb4+ 9. Kf1 fxe5 10. dxe5 Bc5 11. Nb5 Bd7 12. Nc3 Qc7 13. a3 a6 14. Bf4 Nge7
15. Rc1 Ba7 16. Bg3 b5 17. h4 Qb6 18. Qc2 h6 19. h5 O-O 20. Rh4 Nf5 21. Bxf5
Rxf5 22. Re1 Raf8 23. Qd2 Be8 24. Bf4 Rxf4 0-1

[Event "Elit(LASK-Farsta)"]
[Site "?"]
[Date "2015.11.08"]
[Round "3"]
[White "Semcesen, Daniel"]
[Black "Hjelm, Niclas"]
[Result "1-0"]
[WhiteElo "2436"]
[BlackElo "2311"]
[PlyCount "93"]

1. d4 d5 2. c4 c6 3. Nf3 Nf6 4. Qb3 e6 5. Bg5 Nbd7 6. Nc3 Be7 7. e3 O-O 8. Be2
dxc4 9. Qxc4 Nd5 10. Bxe7 Qxe7 11. O-O N5b6 12. Qb3 e5 13. Rfd1 exd4 14. Nxd4
Nf6 15. a4 c5 16. Qa3 Re8 17. Nb3 Nbd7 18. Bf3 Ne5 19. Qxc5 Nxf3+ 20. gxf3 Qe6
21. Nd4 Qh3 22. Qg5 Bd7 23. Kh1 Bc6 24. e4 Rad8 25. Qg3 Qh5 26. b4 Bd7 27. Nce2
g6 28. Qf4 Qe5 29. Qxe5 Rxe5 30. Rdc1 Ne8 31. a5 f5 32. Rc5 Rxc5 33. bxc5 Rc8
34. Rc1 Kf7 35. e5 Ng7 36. Rb1 Rc7 37. Nf4 g5 38. Nd3 f4 39. a6 bxa6 40. c6 Bc8
41. Nc5 Ke7 42. Rb8 h5 43. Kg1 Bh3 44. Rb7 Kd8 45. Nxa6 Re7 46. c7+ Ke8 47. e6
1-0

[Event "Elit(LASK-Farsta)"]
[Site "?"]
[Date "2015.11.08"]
[Round "3"]
[White "Jaderberg, Bjorn"]
[Black "Mauritsson, Sebastian"]
[Result "1/2-1/2"]
[WhiteElo "2130"]
[BlackElo "2314"]
[PlyCount "77"]

1. d4 Nf6 2. Nc3 d5 3. Bg5 c6 4. Nf3 Ne4 5. Nxe4 dxe4 6. Ng1 h6 7. Be3 Nd7 8.
f3 Nf6 9. Qd2 Bf5 10. g4 Bg6 11. Nh3 Nd5 12. Nf4 Nxf4 13. Bxf4 exf3 14. exf3
Qd5 15. Be2 O-O-O 16. c3 e6 17. Qe3 Bd6 18. Bxd6 Rxd6 19. b3 Qa5 20. Kf2 Re8
21. Rhe1 f6 22. Bd3 Bxd3 23. Qxd3 Red8 24. Re2 Qg5 25. Qe4 h5 26. Rg1 Rh8 27.
gxh5 Qxh5 28. Rxg7 Qxh2+ 29. Rg2 Qh1 30. Re1 Qh6 31. Re2 Qh1 32. Re1 Qh6 33.
Re2 Qc1 34. Qe3 Qh1 35. Qe4 Qc1 36. Qe3 Qh1 37. Qe4 Qc1 38. Qe3 Qh1 39. Qe4
1/2-1/2

[Event "Elit(LASK-Farsta)"]
[Site "?"]
[Date "2015.11.08"]
[Round "3"]
[White "Olsson, Linus"]
[Black "Wieweg, Johnny"]
[Result "1-0"]
[WhiteElo "2271"]
[BlackElo "2140"]
[PlyCount "115"]

1. d4 f5 2. c4 Nf6 3. Nc3 g6 4. e3 Bg7 5. Bd3 O-O 6. Nge2 d6 7. f3 e5 8. O-O
Nc6 9. a3 Nh5 10. d5 Ne7 11. Bd2 c6 12. b4 cxd5 13. cxd5 f4 14. exf4 exf4 15.
Rc1 Be5 16. Be1 Bf5 17. Bf2 Bxd3 18. Qxd3 Nf5 19. Nd4 Nhg3 20. Ne4 Nxd4 21.
Bxd4 Bxd4+ 22. Qxd4 Nf5 23. Qd2 Ne3 24. Rfe1 Rf5 25. Nc3 Rc8 26. Ne4 Ra8 27.
Qd4 Re5 28. Nf2 Qg5 29. Ng4 Nxg4 30. fxg4 Rae8 31. Rxe5 dxe5 32. Qc4 f3 33.
gxf3 e4 34. Re1 e3 35. d6+ Kf8 36. Qd4 Qe5 37. Qd3 Rd8 38. d7 Qe6 39. Rxe3 Qxd7
40. Qe4 Qd1+ 41. Re1 Qd4+ 42. Qxd4 Rxd4 43. Kf2 Rd3 44. Re3 Rd2+ 45. Kg3 Rc2
46. h4 Kf7 47. Kf4 h6 48. Re5 Rc3 49. Ra5 a6 50. Rc5 Rxa3 51. Rc7+ Kg8 52. Rxb7
Ra4 53. Ke5 a5 54. b5 Rb4 55. Kd6 a4 56. Kc5 Rb3 57. Ra7 a3 58. b6 1-0

[Event "Elit(Limhamn-Kungstornet)"]
[Site "?"]
[Date "2015.11.08"]
[Round "3"]
[White "Cicak, Slavko"]
[Black "Hector, Jonny"]
[Result "1/2-1/2"]
[WhiteElo "2504"]
[BlackElo "2493"]
[PlyCount "21"]
[SourceDate "2015.11.14"]

1. c4 e5 2. Nc3 Bb4 3. Nd5 Be7 4. g3 Nf6 5. Nxe7 Qxe7 6. Bg2 O-O 7. d3 c6 8. e4
d5 9. cxd5 cxd5 10. exd5 Rd8 11. Bg5 1/2-1/2

[Event "Elit(Limhamn-Kungstornet)"]
[Site "?"]
[Date "2015.11.08"]
[Round "3"]
[White "Brynell, Stellan"]
[Black "Aronsson, Marten"]
[Result "0-1"]
[WhiteElo "2423"]
[BlackElo "2300"]
[PlyCount "138"]

1. d4 d5 2. Nf3 Nf6 3. c4 c6 4. Nc3 dxc4 5. a4 Bf5 6. Ne5 e6 7. f3 Bb4 8. e4
Bxe4 9. Nxf7 Kxf7 10. fxe4 c5 11. d5 exd5 12. exd5 Re8+ 13. Be2 Bxc3+ 14. bxc3
Qe7 15. Ra2 Qe5 16. O-O Kg8 17. Bxc4 Nbd7 18. d6+ Kh8 19. Bf7 Rf8 20. Re2 Qxc3
21. Bb2 Qb4 22. Be6 Rad8 23. Ba1 Qh4 24. g3 Qh6 25. Rf4 Nh5 26. Rh4 Ndf6 27.
Re1 Qg6 28. d7 Nxg3 29. Rg4 Nxg4 30. Qxg4 Nh5 31. Be5 Nf4 32. Qxg6 hxg6 33.
Bxf4 Rxf4 34. Re3 g5 35. Re5 b6 36. Rxg5 Kh7 37. Kg2 g6 38. Rd5 Kg7 39. Rd6 Rd4
40. Rc6 R8xd7 41. Bxd7 Rxd7 42. Kf3 Kh6 43. a5 Rd3+ 44. Kg4 Rd4+ 45. Kg3 Rb4
46. Rc7 Ra4 47. Rxa7 Rxa5 48. Rb7 Rb5 49. Kf4 c4 50. Ke3 c3 51. Kd3 Rc5 52. Kc2
b5 53. h4 Kh5 54. Rb6 Rc4 55. Rxb5+ Kxh4 56. Rb1 g5 57. Kd3 Rc7 58. Rh1+ Kg4
59. Rg1+ Kf5 60. Rf1+ Kg6 61. Kc2 g4 62. Rg1 Kg5 63. Rg2 Kf4 64. Rf2+ Ke3 65.
Rf8 g3 66. Rg8 Kf2 67. Rf8+ Kg1 68. Rg8 g2 69. Rf8 Rc4 0-1

[Event "Elit(Limhamn-Kungstornet)"]
[Site "?"]
[Date "2015.11.08"]
[Round "3"]
[White "Lyrberg, Patrik"]
[Black "Jepson, Christian"]
[Result "1/2-1/2"]
[WhiteElo "2473"]
[BlackElo "2425"]
[PlyCount "117"]

1. Nf3 d5 2. g3 g6 3. d4 Bg7 4. Bg2 Nf6 5. c4 c6 6. Qb3 dxc4 7. Qxc4 Be6 8. Qa4
O-O 9. Nc3 Nd5 10. e4 Nb6 11. Qc2 Na6 12. a3 Bxd4 13. Bh6 Bg7 14. Bxg7 Kxg7 15.
O-O Qc7 16. Rfc1 Rad8 17. b4 Qb8 18. b5 cxb5 19. Nxb5 Rc8 20. Qb2+ Kg8 21. Ng5
Bc4 22. Bf1 Bxf1 23. Rxc8 Qxc8 24. Rxf1 Qc5 25. Nxa7 Ra8 26. Qb3 Qxg5 27. Qxb6
Qc5 28. Qxc5 Nxc5 29. Nb5 Ra5 30. Rb1 Nxe4 31. Nd4 Nd6 32. Rb3 Kf8 33. h4 Ke8
34. Kg2 Rd5 35. Rb4 e5 36. Nf3 Ra5 37. a4 f6 38. Nd2 Rc5 39. Ne4 Nxe4 40. Rxe4
Kd7 41. h5 gxh5 42. Rh4 Ra5 43. Rxh5 Rxa4 44. Rxh7+ Kc8 45. Rh6 Ra6 46. g4 Rc6
47. Rh5 Kc7 48. Rf5 Re6 49. Kf3 Kd6 50. Ke4 b5 51. f4 exf4+ 52. Kd4 Kc6 53.
Rxf4 Kb6 54. Kc3 Ka5 55. Kb3 Rd6 56. Rf5 Rd3+ 57. Kb2 Rg3 58. Rxf6 Rxg4 59. Rf3
1/2-1/2

[Event "Elit(Limhamn-Kungstornet)"]
[Site "?"]
[Date "2015.11.08"]
[Round "3"]
[White "Lindgren, Philip"]
[Black "Henriksson, Johan"]
[Result "1-0"]
[WhiteElo "2410"]
[BlackElo "2272"]
[PlyCount "57"]

1. d4 d5 2. c4 c6 3. Nf3 Nf6 4. Nc3 a6 5. c5 Nbd7 6. Bf4 Nh5 7. Qd2 Nxf4 8.
Qxf4 g6 9. e4 dxe4 10. Bc4 e6 11. Nxe4 Be7 12. h4 h6 13. Rh3 b5 14. Bb3 Bb7 15.
O-O-O a5 16. Ne5 Rh7 17. Rf3 g5 18. Qe3 Nf8 19. Kb1 f6 20. Ng4 f5 21. Rxf5 Rf7
22. Rxf7 Kxf7 23. Nxh6+ Kg6 24. Nxg5 Bxg5 25. hxg5 Qxg5 26. Bc2+ Kf6 27. Qf3+
Kg7 28. Qf7+ Kxh6 29. Rh1+ 1-0

[Event "Elit(Limhamn-Kungstornet)"]
[Site "?"]
[Date "2015.11.08"]
[Round "3"]
[White "von Bahr, Oskar"]
[Black "Johansson, Linus"]
[Result "0-1"]
[WhiteElo "2384"]
[BlackElo "2400"]
[PlyCount "90"]

1. c4 e5 2. g3 Nf6 3. Bg2 Nc6 4. Nc3 Bb4 5. Nd5 Bc5 6. Nf3 d6 7. O-O O-O 8. d3
h6 9. e3 Bg4 10. h3 Bh5 11. Bd2 Nxd5 12. cxd5 Ne7 13. b4 Bb6 14. Qb3 Kh8 15. a4
a6 16. Rac1 Qd7 17. Kh2 Bg6 18. Nh4 Bh7 19. f4 f6 20. Be4 f5 21. Bg2 exf4 22.
gxf4 Ng8 23. Nf3 Rae8 24. Rfe1 Rf7 25. a5 Ba7 26. Qc4 Nf6 27. Nd4 Rfe7 28. Ne6
Bg8 29. e4 c6 30. exf5 cxd5 31. Bxd5 Nxd5 32. Qxd5 Bxe6 33. fxe6 Rxe6 34. Re4
Rxe4 35. dxe4 Qe7 36. Re1 Rc8 37. Qd3 Qe6 38. Re2 Rc4 39. Bc3 Qf7 40. f5 Qc7
41. Bb2 Rxb4 42. Qd2 d5+ 43. e5 Re4 44. Rg2 d4 45. Qd3 Re3 0-1

[Event "Elit(Limhamn-Kungstornet)"]
[Site "?"]
[Date "2015.11.08"]
[Round "3"]
[White "Penalver, Osmani"]
[Black "Andersson, Fredrik"]
[Result "1/2-1/2"]
[WhiteElo "2266"]
[BlackElo "2262"]
[PlyCount "46"]

1. d4 Nf6 2. c4 g6 3. f3 d5 4. cxd5 Nxd5 5. e4 Nb6 6. Nc3 Bg7 7. Be3 O-O 8. Qd2
f5 9. O-O-O fxe4 10. fxe4 Nc6 11. Nf3 Bg4 12. Be2 Qd6 13. Nb5 Qb4 14. Qc2 e6
15. d5 exd5 16. Bc5 Qxe4 17. Bxf8 Rxf8 18. Qxe4 dxe4 19. Ng1 Bf5 20. Nc3 Nd4
21. h3 Bh6+ 22. Kb1 e3+ 23. Kc1 c5 1/2-1/2

[Event "Elit(Limhamn-Kungstornet)"]
[Site "?"]
[Date "2015.11.08"]
[Round "3"]
[White "Backlund, Anders"]
[Black "Schneider, Stefan"]
[Result "1/2-1/2"]
[WhiteElo "2263"]
[BlackElo "2368"]
[PlyCount "30"]

1. c4 Nf6 2. d4 e6 3. Nf3 Bb4+ 4. Nbd2 O-O 5. a3 Be7 6. g3 b6 7. Bg2 Bb7 8. O-O
c5 9. b3 cxd4 10. Nxd4 Bxg2 11. Kxg2 Qc7 12. Bb2 a6 13. e4 d6 14. Qe2 Nc6 15.
N2f3 Nxd4 1/2-1/2

[Event "Elit(Limhamn-Kungstornet)"]
[Site "?"]
[Date "2015.11.08"]
[Round "3"]
[White "Tadjerbashi, Amir"]
[Black "Wikner, Arvid"]
[Result "1/2-1/2"]
[WhiteElo "2234"]
[BlackElo "2242"]
[PlyCount "79"]

1. e4 e5 2. Nf3 Nc6 3. d4 exd4 4. Bc4 Nf6 5. e5 Ng4 6. Qe2 Qe7 7. Bf4 f6 8.
exf6 Nxf6 9. Nbd2 Qxe2+ 10. Kxe2 Be7 11. Rhe1 d5 12. Bb5 O-O 13. Bxc7 Bb4 14.
a3 Bxd2 15. Kxd2 Ne4+ 16. Kc1 Nxf2 17. Bxc6 bxc6 18. Nxd4 Bd7 19. b4 Ne4 20.
Nf3 Rac8 21. Be5 c5 22. Kb2 Bg4 23. Rad1 cxb4 24. axb4 Rc4 25. Rxd5 Rfc8 26. c3
Nxc3 27. Bxc3 Rxc3 28. Nd4 Rd3 29. h3 Bh5 30. Rxh5 Rxd4 31. Ka3 Rb8 32. Rb1 Rd2
33. Rg5 h6 34. Rg3 Rb6 35. Re1 Rd4 36. Re7 Rdxb4 37. Rgxg7+ Kf8 38. Rgf7+ Kg8
39. Rg7+ Kf8 40. Rgf7+ 1/2-1/2

[Event "Elit(Vasteras-Rockaden,Sthlm)"]
[Site "?"]
[Date "2015.11.08"]
[Round "3"]
[White "Blomqvist, Erik"]
[Black "Sjodahl, Pontus"]
[Result "1-0"]
[WhiteElo "2514"]
[BlackElo "2422"]
[PlyCount "49"]
[SourceDate "2015.11.14"]

1. e4 e6 2. d3 d5 3. Nd2 c5 4. Ngf3 Nc6 5. g3 Bd6 6. Bg2 Nge7 7. O-O O-O 8. Re1
Qc7 9. Qe2 f6 10. c3 Bd7 11. a3 a5 12. exd5 exd5 13. c4 dxc4 14. Nxc4 Ng6 15.
Be3 Rad8 16. Rac1 b6 17. d4 cxd4 18. Nxd4 Nxd4 19. Bxd4 Rfe8 20. Qd1 Rxe1+ 21.
Qxe1 Bc5 22. Nxb6 Qxb6 23. Rxc5 Re8 24. Qxa5 Qxa5 25. Bd5+ 1-0

[Event "Elit(Vasteras-Rockaden,Sthlm)"]
[Site "?"]
[Date "2015.11.08"]
[Round "3"]
[White "Akesson, Ralf"]
[Black "Nielsen, Peter Heine"]
[Result "1/2-1/2"]
[WhiteElo "2411"]
[BlackElo "2655"]
[PlyCount "112"]

1. d4 Nf6 2. c4 g6 3. Nf3 Bg7 4. g3 d5 5. cxd5 Nxd5 6. Bg2 Nb6 7. Nc3 Nc6 8. e3
e5 9. d5 Ne7 10. e4 c6 11. O-O cxd5 12. exd5 O-O 13. Re1 Bg4 14. Qd3 Nexd5 15.
Nxd5 Bf5 16. Qb3 Qxd5 17. Nxe5 Qxb3 18. axb3 Rfe8 19. Nf3 Be4 20. Be3 Bxb2 21.
Ra2 Bc3 22. Rc1 Bb4 23. Bxb6 axb6 24. Rxa8 Rxa8 25. Ne5 Bxg2 26. Kxg2 b5 27.
Nf3 Bd6 28. Rd1 Ra6 29. Rd5 b4 30. Nd2 Bf8 31. g4 Ra3 32. Rd7 f5 33. gxf5 gxf5
34. Rxb7 Ra2 35. Rd7 Rb2 36. f4 Bg7 37. Kf3 Bc3 38. Nc4 Rxb3 39. Ne3 Ra3 40.
Nxf5 b3 41. Rb7 Bf6 42. Rb8+ Kf7 43. Nd6+ Kg6 44. Nc4 Ra4 45. Ne5+ Kf5 46. Nd3
Ra3 47. Rb5+ Kg6 48. Ke4 Bc3 49. Ne5+ Kf6 50. Nc4 Ra4 51. Rb6+ Ke7 52. Rb7+ Kf8
53. Rxb3 Rxc4+ 54. Kd3 Rxf4 55. Rxc3 Rf3+ 56. Kd4 Rxc3 1/2-1/2

[Event "Elit(Vasteras-Rockaden,Sthlm)"]
[Site "?"]
[Date "2015.11.08"]
[Round "3"]
[White "Barkhagen, Jonas"]
[Black "Norberg, Johan"]
[Result "1/2-1/2"]
[WhiteElo "2434"]
[BlackElo "2298"]
[PlyCount "57"]

1. d4 d6 2. Nf3 g6 3. c4 Bg7 4. g3 Nf6 5. Bg2 O-O 6. O-O Nbd7 7. Nc3 e5 8. e4
c6 9. h3 a6 10. a4 a5 11. Be3 Qe7 12. Re1 b6 13. Qc2 Ba6 14. b3 Rac8 15. Bf1
Bb7 16. Rad1 Rfe8 17. Bg2 Rcd8 18. Bc1 Nb8 19. d5 c5 20. Nh2 Bc8 21. Nf1 Nh5
22. Qe2 Bf6 23. Ne3 Bg5 24. h4 Bf6 25. Bf3 Ng7 26. Ng4 Bxg4 27. Bxg4 h5 28. Bh3
Nd7 29. Nb5 1/2-1/2

[Event "Elit(Vasteras-Rockaden,Sthlm)"]
[Site "?"]
[Date "2015.11.08"]
[Round "3"]
[White "Eriksson, Anders"]
[Black "Karlsson, Lars"]
[Result "0-1"]
[WhiteElo "2279"]
[BlackElo "2443"]
[PlyCount "98"]

1. Nf3 d6 2. c4 e5 3. Nc3 f5 4. g3 g6 5. e4 Bg7 6. d4 fxe4 7. Nxe4 Bf5 8. Qe2
Nc6 9. d5 Nce7 10. Bg2 Nf6 11. Nfg5 Qd7 12. Nxf6+ Bxf6 13. Ne4 Bg7 14. O-O O-O
15. Be3 Kh8 16. f3 b5 17. g4 Bxe4 18. fxe4 bxc4 19. Rxf8+ Rxf8 20. Rc1 c6 21.
Rxc4 cxd5 22. exd5 Qb5 23. b3 e4 24. Bxe4 Nxd5 25. Bxd5 Qxd5 26. Bxa7 Be5 27.
Bf2 Rf7 28. Re4 Kg7 29. Bg3 Bd4+ 30. Kg2 Re7 31. Kf3 Rf7+ 32. Kg2 Re7 33. Kf3
h5 34. h3 Rf7+ 35. Kg2 Re7 36. Kf3 h4 37. Bf4 Bb6 38. Qc2 Rf7 39. Ke2 Rxf4 40.
Rxf4 Qg2+ 41. Kd3 Qg3+ 42. Ke4 Qe3+ 43. Kd5 Qxf4 44. Qc3+ Kf7 45. Qh8 Qg5+ 46.
Kc6 Qc5+ 47. Kb7 Qc7+ 48. Ka6 Qc6 49. Qh7+ Kf6 0-1

[Event "Elit(Vasteras-Rockaden,Sthlm)"]
[Site "?"]
[Date "2015.11.08"]
[Round "3"]
[White "Bator, Robert"]
[Black "Landgren, Andreas"]
[Result "1-0"]
[WhiteElo "2430"]
[BlackElo "2259"]
[PlyCount "63"]

1. d4 d5 2. Nf3 e6 3. g3 Nf6 4. Bg2 c5 5. O-O Nc6 6. c4 dxc4 7. Ne5 Bd7 8. Na3
cxd4 9. Naxc4 Be7 10. Qb3 Qc8 11. Bf4 O-O 12. Rfd1 Be8 13. Rac1 Nd5 14. Nxc6
Bxc6 15. Be5 Qe8 16. Rxd4 f6 17. Bd6 Bxd6 18. Nxd6 Qe7 19. Nc4 Rac8 20. e4 Nc7
21. Na5 Nb5 22. Rdc4 Rfd8 23. Bh3 Kf7 24. Nxc6 bxc6 25. Qe3 Qb7 26. e5 f5 27.
Bg2 Qb6 28. Bxc6 Nd4 29. Be8+ Kxe8 30. Rxc8 Qxb2 31. Rxd8+ Kxd8 32. Rd1 1-0

[Event "Elit(Vasteras-Rockaden,Sthlm)"]
[Site "?"]
[Date "2015.11.08"]
[Round "3"]
[White "Bergstrom, Peter"]
[Black "Engqvist, Thomas"]
[Result "1/2-1/2"]
[WhiteElo "2295"]
[BlackElo "2353"]
[PlyCount "64"]

1. e4 c5 2. Nf3 e6 3. d4 cxd4 4. Nxd4 Nc6 5. Nc3 d6 6. Be3 Nf6 7. f3 a6 8. Qd2
h5 9. O-O-O Qc7 10. Kb1 Bd7 11. Bd3 O-O-O 12. Qf2 Nxd4 13. Bxd4 Re8 14. h3 Bc6
15. Bb6 Qb8 16. Rd2 Nd7 17. Be3 Qc7 18. Rhd1 Kb8 19. a3 Ka8 20. Na2 Qa5 21. Nb4
Bb5 22. Bxb5 Qxb5 23. Bf4 Nb6 24. Rd3 Nc4 25. Rb3 Qc5 26. Qe2 Rc8 27. Bh2 Be7
28. Bg1 Qa5 29. Qf2 Qc5 30. Qe2 Qa5 31. Qf2 Qc5 32. Qe2 Qa5 1/2-1/2

[Event "Elit(Vasteras-Rockaden,Sthlm)"]
[Site "?"]
[Date "2015.11.08"]
[Round "3"]
[White "Kenneskog, Theodor"]
[Black "Janse, Rasmus"]
[Result "1-0"]
[WhiteElo "2334"]
[BlackElo "2230"]
[PlyCount "83"]

1. d4 g6 2. c4 Bg7 3. e4 c5 4. d5 d6 5. Nc3 Nf6 6. Nf3 Bg4 7. Be2 O-O 8. O-O
Ne8 9. h3 Bxf3 10. Bxf3 Nc7 11. Be2 e6 12. Be3 exd5 13. exd5 Nd7 14. Qd2 f5 15.
Rae1 Nf6 16. Bg5 Qd7 17. a3 a6 18. b4 cxb4 19. axb4 b5 20. c5 dxc5 21. bxc5
Ncxd5 22. Bf3 Nxc3 23. Bxa8 Qxd2 24. Bxd2 Rxa8 25. Bxc3 Ne4 26. Bxg7 Kxg7 27.
Rc1 Rc8 28. f3 Nd2 29. Rfd1 Nc4 30. Rd7+ Kf6 31. Ra7 Rc6 32. f4 Ke6 33. Rd1 a5
34. Rxh7 b4 35. Rg7 Kf6 36. Rdd7 b3 37. Rde7 Ne5 38. fxe5+ Kg5 39. Ra7 Rxc5 40.
Rgb7 Rc1+ 41. Kh2 b2 42. Rxb2 1-0

[Event "Elit(Vasteras-Rockaden,Sthlm)"]
[Site "?"]
[Date "2015.11.08"]
[Round "3"]
[White "Norberg, Erik"]
[Black "Hedman, Erik"]
[Result "1/2-1/2"]
[WhiteElo "2245"]
[BlackElo "2355"]
[PlyCount "36"]

1. g3 c5 2. c4 Nc6 3. Bg2 g6 4. Nc3 Bg7 5. e4 d6 6. Nge2 Nf6 7. d3 Bd7 8. h3 a6
9. Be3 Rb8 10. O-O b5 11. cxb5 axb5 12. d4 cxd4 13. Nxd4 Nxd4 14. Bxd4 O-O 15.
b4 Rc8 16. Qd3 Be6 17. Rfd1 Bc4 18. Qd2 Qd7 1/2-1/2

[Event "Elit(Team Viking-Manhem)"]
[Site "?"]
[Date "2015.11.08"]
[Round "3"]
[White "Welin, Mats"]
[Black "Meier, Georg"]
[Result "0-1"]
[WhiteElo "2656"]
[BlackElo "2328"]
[PlyCount "46"]

1. e4 e6 2. d4 d5 3. Nc3 Nf6 4. e5 Nfd7 5. f4 c5 6. Nf3 Nc6 7. Be3 Be7 8. Qd2
a6 9. dxc5 Nxc5 10. O-O-O Qa5 11. a3 b5 12. Nd4 Bd7 13. Nxc6 Bxc6 14. Ne2 b4
15. Kb1 Ne4 16. Qe1 Rb8 17. Nd4 Ba4 18. Rd3 O-O 19. Nb3 Qc7 20. axb4 Bxb4 21.
Qd1 a5 22. Bd4 Rfc8 23. Rh3 Nd2+ 0-1

[Event "Elit(Team Viking-Manhem)"]
[Site "?"]
[Date "2015.11.08"]
[Round "3"]
[White "Berg, Emanuel"]
[Black "Hultin, Johan"]
[Result "1-0"]
[WhiteElo "2567"]
[BlackElo "2312"]
[PlyCount "125"]

1. e4 c5 2. Nf3 Nc6 3. d4 cxd4 4. Nxd4 g6 5. Nc3 Bg7 6. Be3 Nf6 7. Bc4 Qa5 8.
O-O O-O 9. Nb3 Qd8 10. h3 d6 11. f4 a6 12. Qf3 e6 13. a4 Qc7 14. a5 Nb4 15. Be2
Nxc2 16. Bb6 Qe7 17. Rac1 Nb4 18. e5 Nfd5 19. exd6 Qxd6 20. Bc5 Qd8 21. Rfd1
Qf6 22. Bxf8 Bxf8 23. g3 Bd7 24. Rd2 Bc6 25. Ne4 Qe7 26. Nd4 Bg7 27. Kh2 Be8
28. Qa3 h5 29. h4 Nxf4 30. gxf4 Qxh4+ 31. Kg2 Nd5 32. Qg3 Nxf4+ 33. Kf3 Qxg3+
34. Kxg3 Bxd4 35. Kxf4 e5+ 36. Kg3 Bc6 37. Bf3 Be3 38. Rxc6 bxc6 39. Rd7 Bf4+
40. Kf2 Rb8 41. Nc5 Rxb2+ 42. Be2 h4 43. Nxa6 h3 44. Nc5 h2 45. Rd1 Ra2 46. a6
Kg7 47. Nd3 g5 48. Nb4 Ra3 49. Nxc6 e4 50. a7 Be3+ 51. Kg2 Bxa7 52. Kxh2 Ra2
53. Nxa7 Rxe2+ 54. Kg3 f5 55. Nc6 Re3+ 56. Kf2 Rc3 57. Rd7+ Kh6 58. Nd4 f4 59.
Re7 e3+ 60. Kf3 Rc1 61. Kg4 Rg1+ 62. Kf5 Rg2 63. Ne6 1-0

[Event "Elit(Team Viking-Manhem)"]
[Site "?"]
[Date "2015.11.08"]
[Round "3"]
[White "Winsnes, Rikard"]
[Black "Agrest, Evgenij"]
[Result "0-1"]
[WhiteElo "2407"]
[BlackElo "2596"]
[PlyCount "67"]

1. g3 d5 2. Nf3 g6 3. Bg2 Bg7 4. d4 Nf6 5. O-O O-O 6. c4 dxc4 7. Na3 c3 8. bxc3
c5 9. e3 Nc6 10. Qe2 Bg4 11. Qb5 Rb8 12. Qxc5 Ne4 13. Qc4 Rc8 14. Qd3 Nxc3 15.
Nc4 b5 16. Qxc3 bxc4 17. Ba3 Re8 18. Rac1 e5 19. Nxe5 Nxe5 20. dxe5 Bxe5 21.
Qb4 Be6 22. Rfd1 Qc7 23. Bd5 c3 24. Bxe6 Rxe6 25. Rd5 Rc6 26. Rc2 Bg7 27. Rb5
Rc4 28. Qb3 Qc6 29. Rb8 h5 30. Qb7 Rxb8 31. Qxb8+ Kh7 32. Qxa7 Qd5 33. Rc1 h4
34. Qe7 0-1

[Event "Elit(Team Viking-Manhem)"]
[Site "?"]
[Date "2015.11.08"]
[Round "3"]
[White "Westerberg, Jonathan"]
[Black "Akesson, Joel"]
[Result "1-0"]
[WhiteElo "2478"]
[BlackElo "2286"]
[PlyCount "57"]

1. e4 e6 2. d4 d5 3. Nc3 Bb4 4. Qd3 Ne7 5. Bd2 b6 6. Nge2 Ba6 7. Qf3 dxe4 8.
Qxe4 Nd7 9. O-O-O O-O 10. Qf3 Qc8 11. Nf4 Bb7 12. Qh3 e5 13. Nh5 exd4 14. Qg4
Ng6 15. Qxd4 Bxc3 16. Bxc3 Nde5 17. f4 Qg4 18. fxe5 Qxh5 19. e6 f6 20. Bc4 Kh8
21. Rhe1 Ne5 22. Bb5 c6 23. Bf1 Rfe8 24. Qd6 Qxh2 25. e7 Qf4+ 26. Kb1 Qf5 27.
Bxe5 fxe5 28. Rxe5 Qf7 29. Bd3 1-0

[Event "Elit(Team Viking-Manhem)"]
[Site "?"]
[Date "2015.11.08"]
[Round "3"]
[White "Al Hadarani, Hatim"]
[Black "Cramling, Pia"]
[Result "0-1"]
[WhiteElo "2268"]
[BlackElo "2513"]
[PlyCount "62"]

1. d4 d5 2. Nf3 Nf6 3. e3 e6 4. c4 c5 5. a3 dxc4 6. Bxc4 a6 7. O-O b5 8. Bd3
Bb7 9. Nc3 Nbd7 10. Qe2 Bd6 11. Rd1 Qb8 12. h3 O-O 13. e4 cxd4 14. Nxd4 Rd8 15.
Nb3 h6 16. Na5 Nc5 17. Nxb7 Qxb7 18. Bc2 Be5 19. Re1 Rac8 20. f4 Bxc3 21. bxc3
Na4 22. Bxa4 bxa4 23. Ra2 Qb3 24. Rd2 Rxd2 25. Bxd2 Qxa3 26. e5 Nd5 27. f5 Qc5+
28. Kh2 Qc4 29. Qh5 Qd3 30. f6 Qxd2 31. Rf1 Qg5 0-1